Designs of William Morris : (Record no. 590120)

MARC details
000 -LEADER
fixed length control field 00476nam a2200193 a 4500
008 - FIXED-LENGTH DATA ELEMENTS--GENERAL INFORMATION
fixed length control field 250929s1995##################000#0#eng##
020 ## - INTERNATIONAL STANDARD BOOK NUMBER
ISBN 9780714834658
082 04 - DEWEY DECIMAL CLASSIFICATION NUMBER
Classification number 709.2
Item number MOR
100 1# - MAIN ENTRY--AUTHOR NAME
Personal name Press, Editors of Phaidon,
245 10 - TITLE STATEMENT
Title Designs of William Morris :
260 ## - PUBLICATION, DISTRIBUTION, ETC. (IMPRINT)
Name of publisher Phaidon Press,
Year of publication 1995.
300 ## - PHYSICAL DESCRIPTION
Number of Pages 160 pages
650 #0 - SUBJECT ADDED ENTRY--TOPICAL TERM
Topical Term Design.
942 ## - ADDED ENTRY ELEMENTS (KOHA)
Koha item type English Books
Holdings
Withdrawn status Lost status Damaged status Not for loan Home library Current library Shelving location Date acquired Full call number Accession Number Price effective from Koha item type
        Anna Centenary Library Anna Centenary Library 6TH FLOOR, B WING 29.09.2025 709.2 MOR 284212 29.09.2025 English Books

Find us on the map